Future songs A-Z - Statistics

General Stats
  • This quiz has been taken 57 times
    43 since last reset
  • The average score is 16 of 26
Answer Stats
Hint Answer % Correct
S Superhero/ski/south of france/surfing a tsunami/show of hands/streets made me a king/slimed in/seen it all/stayed down/seven million/stripes like burberry/sleeping on the floor/ she never been to pluto/solitaires/shotgun/st lucia/shorty/stick talk/slave master/scholarships /selfish/solo/sorry/Sh!t/same damn time
93%
T Teflon don/Telekinesis/too fast/told my/this sunday/trim/teen X/type shit/they want to be you/tsunami/too many nights/tic tac/that's it/trapped in the sun/touch the sky/trillionaire/too
comfortable/tycoon/temptation/transformer/throw away/thought it was a drought/trap niggas/ testify/turn on me/three
93%
M MJ/made my hoe faint/mile high memories/magic don juan/massaging me/mr jones/monsters inc./my legacy/marni on me/million dollar play/moment of clarity/mask off/march madness/monster/my savages/mad luv/might as well/massage in my room/my collection/mink flow/most beautiful design/money on money
89%
P Plutoski/Pushin P/petty too/private landing/press the button/puffin on zooties/purple rain/pardon me/pablo/plastic/patek/posted with demons/pray for a key/please tell me/promise u that/purple comin in/perkys calling/purple reign/plastic bag/program/POA/poppin' tags/PIE /patek water/partying & drinking/promotion/picasso/the Percocet & stripper joint
89%
L Lil demon/Love me/Loveeeeeee song/lost my dog/luv bad bitches/life is good/like that/love you better/like me/lock on me/last name/love thy enemies/lay up/lil one/live from the gutter/Lil haiti baby/low life/lookin exotic
86%
F Fried/for a nut/from now on/franchise/first off/F&N/faceshot/fine china/fetti/freak hoe/fuck upsome commas/fly shit only/flip/feds did a sweep/fresh air/feed me dope/futureback
82%
C Came to the party/crossed out/crazy clientele/claustrophobic/cinderella/chickens/chargedem hoes a fee/crushed up/call the coroner/codeine crazy/colossal/change locations/comin out strong/corner
79%
I Ice attack/I'm dat N****/I'm on one/I can't save you/I don't wanna break up/I serve the base/I'm the plug/in her mouth/I'm so groovy/incredible/I thank u/I won/I be u/I got yo bitch/if you knew what it took/itchin
79%
W We still don't trust you/we don't trust you/WTFYM/where my twin @/wait for u/we juswanna get high/worst day/wassup/where was you/WRLD On Drugs/wesley presley/where ya at/wicked/wifi lit/when I think about it/when I was broke/way 2 sexy/what's the move/the way things going
79%
G Gracious/GTA/gold stacks/government official/goin dummi/gangland/groupies/good dope/group home/grammys
75%
# #1/100 shooters/100 racks/2Pac/200/3500/31 days/56 nights/712PM/7 AM Freestyle
71%
R Ready to cook up/Run a train/right 4 you/red leather/runnin outta time/real baby pluto/rockstar chainz/ridin strikers/rocket ship/red bentley/realer n realer/radical/rotation/Rich $ex /real sisters/ran/red light/rent money/real love/rider/ran to atlanta
71%
D Drink N Dance/Dum, dumb and dumber/drankin n smokin/different/diamonds from africa/digital dash/diamonds dancing/draco/damage/drip on me/dirty sprite/dead
64%
X X/XanaX Damage/xanny family
64%
E Everyday hustle/enjoy the show/extra/extra luv/easter pink/E
61%
A Aye say gang/amazing/all to myself/always be my fault/all my life/ain't no love/affiliated/all I know/all bad/accepting my flaws/ain't coming back/astronauts/afterlife/ain't livin right/ after that/all da smoke/abu intro turn up/all the way live/arabi/allure
54%
J Jealous/just the beginning/jumpin on a jet/jet lag/jersey/jumpman/jordan diddy
54%
U Up the river/unicorn purp/used to this/use me/upper echelon/unconditional love
50%
B Brazzier/beat it/back to the basics/bunce road blues/because of you/bust a move/babysasuke/bought a bad bitch/bankroll/baptize/blow a bag/blood on the money/big rings/birds take a bath/blow
46%
H Holy ghost/happy/heart in pieces/HiTek Tek/hard to choose one/harlem shake/hard workpays off/hardly/hate the real me/high demand/hallucinating/honest/hard to handle/holy terrain
46%
N Nights like this/nobody knows my struggle/no security/no issue/never gon lose/now/nocompadre/news or something/neva missa lost/new illuminati/no cap/neva end/name hold weight/nun bout u/never seen these/no matter what/N 2 deep
43%
O Ocean/oath/out of my hands/overload/one big family/off dat/over your head/one of my/outer space bih/overdose/oxy/outta time/old hunndeds/on 2 us
39%
K Keep it burnin/king's dead/keep it low/krazy but true/kno the meaning/keep quiet/killed before/karate chop
36%
Y Young metro/you da baddest/yeah yeah
32%
Z Zoom
25%
V Voodoo
21%
No matching quizzes found
Score Distribution
Percent of People with Each Score
Percentile by Number Answered
Your Score History
You have not taken this quiz since the last reset